Riconosci la Squadra di calcio - Quiz n°257 - Statistics

Statistiche generali
  • Questo quiz è stato fatto 11 volte
  • Il punteggio medio è 4 su 9
Statistiche sulle risposte
Indizio Risposta % Corretto
Colori sociali Blu
100%
Titoli nazionali 26 Campionati bulgari
80%
Divisione nazionale 2023-2024 Prima
40%
Trofei nazionali 27 Coppe di Bulgaria 3 Supercoppe di Bulgaria
30%
Confederazione UEFA
30%
Trofei internazionali 0
20%
Fondazione 1914
20%
Capienza Stadio 29 980 posti
20%
Squadra Levski Sofia
10%
Nessun quiz corrispondente trovato
Distribuzione punteggi
Percentuale di utenti per punteggio
Percentile per numero di risposta
I tuoi punteggi nel tempo
Non hai fatto questo quiz